UBT Library

SURVEYING FOR CIVIL ENGINEERS (Record no. 59470)

000 -LEADER
fixed length control field 00315nam a22001457a 4500
008 - FIXED-LENGTH DATA ELEMENTS--GENERAL INFORMATION
fixed length control field 230329b ||||| |||| 00| 0 eng d
020 ## - INTERNATIONAL STANDARD BOOK NUMBER
International Standard Book Number 556158
041 ## - LANGUAGE CODE
Language code of text/sound track or separate title eng
080 ## - UNIVERSAL DECIMAL CLASSIFICATION NUMBER
Universal Decimal Classification number 62
082 ## - DEWEY DECIMAL CLASSIFICATION NUMBER
Classification number 62KIS
100 ## - Rafti
Rafti 19
101 ## - Shkurtesa
Shkurtesa MEKATRO
245 ## - TITLE STATEMENT
Title SURVEYING FOR CIVIL ENGINEERS
Statement of responsibility, etc KISSAM.P
942 ## - ADDED ENTRY ELEMENTS (KOHA)
Source of classification or shelving scheme
Item type Books
Holdings
Withdrawn status Lost status Source of classification or shelving scheme Damaged status Not for loan Collection code Permanent location Current location Date acquired Total Checkouts Full call number Barcode Date last seen Price effective from Koha item type
          Koleksioni i përgjithshem UBT - Lipjan UBT - Lipjan 03/29/2023   62KIS 002-80003064 03/29/2023 03/29/2023 Books
          Koleksioni i përgjithshem UBT - Lipjan UBT - Lipjan 03/29/2023   62GRA 002-8000400 03/29/2023 03/29/2023 Books
UBT Library © 2015-2024. All rights reserved University Education for Business and Technology